Webster's third new international dictionary of the English language, unabridged
Uloženo v:
| Médium: | Kniha |
|---|---|
| Jazyk: | Undetermined |
| Vydáno: |
Springfield, Mass.
G. & C. Merriam Co.
1962
|
| Témata: | |
| Tagy: |
Přidat tag
Žádné tagy, Buďte první, kdo otaguje tento záznam!
|
| Thư viện lưu trữ: | Trung tâm Học liệu Trường Đại học Cần Thơ |
|---|
| LEADER | 00567nam a2200181Ia 4500 | ||
|---|---|---|---|
| 001 | CTU_231842 | ||
| 008 | 210402s9999 xx 000 0 und d | ||
| 082 | |a 423 | ||
| 082 | |b W385 | ||
| 245 | 0 | |a Webster's third new international dictionary of the English language, unabridged | |
| 245 | 0 | |c Editor in chief, Philip Babcock Gove | |
| 260 | |a Springfield, Mass. | ||
| 260 | |b G. & C. Merriam Co. | ||
| 260 | |c 1962 | ||
| 650 | |a Tiếng Anh,English language | ||
| 650 | |x Dictionaries | ||
| 910 | |b dqhieu | ||
| 980 | |a Trung tâm Học liệu Trường Đại học Cần Thơ | ||